| 000 | 00529nam a2200133 a 4500 | ||
|---|---|---|---|
| 001 | ASINB007F7KKBA | ||
| 005 | 20150413040939.0 | ||
| 008 | 150413s1978 xxu eng d | ||
| 100 | 1 | _aZaman, Mukhtar Khurshid, Abdus Salam. ; Mehkari, M. A. | |
| 245 | 1 | 0 |
_aStudents' role in the pakistan movement / _cMukhtar Khurshid, Abdus Salam. ; Mehkari, M. A. Zaman. |
| 260 |
_a[S.l.] : _bQuaid-i-Azam Academy, _c1978. |
||
| 300 | _a1 v. (unpaged) | ||
| 856 | 4 | 0 |
_3Amazon.com _uhttp://www.amazon.com/exec/obidos/ASIN/B007F7KKBA/chopaconline-20 |
| 999 |
_c13010 _d13010 |
||